000 00611nam a2200217Ia 4500
005 20250326145603.0
008 250326s9999 xx 000 0 und d
037 _aTextbook
040 _aFMSL
_beng
_cFMSL
041 _aeng
_2eng
084 _aX:8 Q3
_qFMSL
100 _aMalin Virpi
_9751433
245 0 _aGetting things done
_cMalin Virpi
260 _aUnited Kingdom
_bUnited Kingdom, Emerald
_c2013
300 _a323p
365 _b9046.8600000000006
490 _v2/Dialogues in critical management studies
650 _aManagement
942 _cTB
_hX:8 Q3
999 _c1308094
_d1308094